Causal inference: The mixtape (Record no. 1224622)
[ view plain ]
| 000 -LEADER | |
|---|---|
| fixed length control field | 00594nam a2200217Ia 4500 |
| 005 - DATE AND TIME OF LATEST TRANSACTION | |
| control field | 20241129104139.0 |
| 008 - FIXED-LENGTH DATA ELEMENTS--GENERAL INFORMATION | |
| fixed length control field | 241129s9999||||xx |||||||||||||| ||und|| |
| 020 ## - INTERNATIONAL STANDARD BOOK NUMBER | |
| International Standard Book Number | 9780300251685 |
| 037 ## - SOURCE OF ACQUISITION | |
| Stock number | Textual |
| 040 ## - CATALOGING SOURCE | |
| Original cataloging agency | RTL |
| Language of cataloging | eng |
| Transcribing agency | RTL |
| 041 ## - LANGUAGE CODE | |
| Language code of text/sound track or separate title | eng |
| Source of code | eng |
| 084 ## - COLON CLASSIFICATION NUMBER | |
| Classification number | X:(B28) R1 |
| Assigning agency | RTL |
| 100 ## - MAIN ENTRY--PERSONAL NAME | |
| Personal name | Cunningham Scott |
| 9 (RLIN) | 696902 |
| 245 #0 - TITLE STATEMENT | |
| Title | Causal inference: The mixtape |
| Statement of responsibility, etc. | Cunningham Scott |
| 260 ## - PUBLICATION, DISTRIBUTION, ETC. | |
| Place of publication, distribution, etc. | London |
| Name of publisher, distributor, etc. | Yale University Press |
| Date of publication, distribution, etc. | 2021 |
| 300 ## - PHYSICAL DESCRIPTION | |
| Extent | x,572p. |
| 365 ## - TRADE PRICE | |
| Price type code | INR |
| Price amount | 2919 |
| 650 ## - SUBJECT ADDED ENTRY--TOPICAL TERM | |
| Topical term or geographic name entry element | Economics |
| 942 ## - ADDED ENTRY ELEMENTS (KOHA) | |
| Koha item type | Textbook |
| Classification part | X:(B28) R1 |
| Withdrawn status | Lost status | Damaged status | Not for loan | Home library | Current library | Date acquired | Source of acquisition | Cost, normal purchase price | Inventory number | Total Checkouts | Total Renewals | Full call number | Barcode | Date last seen | Date last checked out | Price effective from | Koha item type |
|---|---|---|---|---|---|---|---|---|---|---|---|---|---|---|---|---|---|
| Ratan Tata Library | Ratan Tata Library | 2024-11-29 | Classic Book Service | 2919.00 | 174 & 07/02/2023 | 2 | 2 | X:(B28) R1 | RT1502558 | 2026-02-14 | 2026-02-05 | 2024-11-29 | Textbook |
